Statistics for Category Elimination - Major World Languages

Click here to take the quiz!

General Stats

  • This quiz has been taken 727 times
  • The average score is 15 of 20

Answer Stats

Group#Category% Correct
Green122That starts with a letter from B to F
99%
Green41... and a part of the Indo European language family
98%
Green18... that uses the Latin script
97%
Yellow32More than 50,000,000 total speakers
95%
Green5... spoken by at least 10,000,000 speakers World-wide
94%
Yellow20... and official only in Asian and African Countries
92%
Pink65Official language in Africa or South America
90%
Yellow12... that is not a part of the Indo European language family
90%
Yellow5... and official in 3 or more countries
88%
Pink31... that starts with any letter from M to V
86%
Pink13... with at least 1,000,000 native speakers
85%
Blue62That uses the Abugida writing System
68%
Green1... and official only in a South American or European CountryDutch
63%
Blue38... and not a part of the Indo European language family
60%
Yellow1... that ends with any letter from B to KArabic
57%
Blue18... with not more than 6 letters
51%
Blue8... and at least 1,000,000 speakers
44%
Pink6... that is a part of the Niger-Congo language family
44%
Pink1... which is also a lingua-francaSwahili
43%
Blue1... with an Airlines named after itThai
31%

Score Distribution

Percentile by Number Answered

Percent of People with Each Score

Your Score History

You have not taken this quiz